Statistics for Central Asian Capitals

Click here to take the quiz!

General Stats

  • This quiz has been taken 29 times
  • The average score is 4 of 5

Answer Stats

CountryCapital% Correct
TurkmenistanAshgabat
89%
KazakhstanNur-Sultan
89%
UzbekistanTashkent
84%
KyrgyzstanBishkek
79%
TajikistanDushanbe
58%

Score Distribution

Percentile by Number Answered

Percent of People with Each Score

Your Score History

You have not taken this quiz